| 000 | 00645nam a2200217Ia 4500 | ||
|---|---|---|---|
| 003 | GCL | ||
| 008 | 140319s9999 xx 000 0 ara d | ||
| 040 |
_aGCL / _cGCL |
||
| 082 | 0 | 4 |
_a227 _bع س |
| 100 | 1 | _aعبدالمعز خطاب | |
| 245 | 1 | 0 |
_aسوره النحل وجلائل النعم / _cعبدالمعز خطاب |
| 260 |
_a[S.N] : _bمكتبة التراث الاسلامى ، _c1991 |
||
| 300 | _a57 ص | ||
| 490 | _a | ||
| 650 | 0 | 4 | _aسور وايات |
| 650 | 0 | 4 | _aسورة النحل |
| 650 | 0 | 4 | _aتفسير القران الكريم |
| 650 | 0 | 4 | _aالقران - الفاظ |
| 650 | 0 | 4 | _aالقران |
| 942 |
_2ddc _cBK |
||
| 999 |
_c28523 _d28523 |
||